Becoming a secondary school teacher / (Record no. 133730)

MARC details
000 -LEADER
fixed length control field 00790nam a2200253 a 4500
008 - FIXED-LENGTH DATA ELEMENTS--GENERAL INFORMATION
fixed length control field
020 ## - INTERNATIONAL STANDARD BOOK NUMBER
International Standard Book Number 0340683716 (pbk.)
090 ## - LOCALLY ASSIGNED LC-TYPE CALL NUMBER (OCLC); LOCAL CALL NUMBER (RLIN)
Classification number (OCLC) (R) ; Classification number, CALL (RLIN) (NR) LB1025
Local cutter number (OCLC) ; Book number/undivided call number, CALL (RLIN) SCO
003 - CONTROL NUMBER IDENTIFIER
control field
005 - DATE AND TIME OF LATEST TRANSACTION
control field 20230123125003.0
040 ## - CATALOGING SOURCE
Transcribing agency NUST
049 ## - LOCAL HOLDINGS (OCLC)
Holding library MAIN
100 1# - MAIN ENTRY--PERSONAL NAME
Personal name Scott-Baumann, Alison.
245 10 - TITLE STATEMENT
Title Becoming a secondary school teacher /
Statement of responsibility, etc. Alison Scott Baumann, Alan Bloomfield and Linda Roughton.
260 ## - PUBLICATION, DISTRIBUTION, ETC.
Place of publication, distribution, etc. London. :
Name of publisher, distributor, etc. Hodder Arnold,
Date of publication, distribution, etc. 1997.
300 ## - PHYSICAL DESCRIPTION
Extent viii, 388 p. :
Other physical details ill. ;
Dimensions 27 cm.
504 ## - BIBLIOGRAPHY, ETC. NOTE
Bibliography, etc. note Includes bibliographical references.
500 ## - GENERAL NOTE
General note Includes index.
650 #1 - SUBJECT ADDED ENTRY--TOPICAL TERM
Topical term or geographic name entry element High school teaching
Chronological subdivision 1997
Geographic subdivision UK.
700 ## - ADDED ENTRY--PERSONAL NAME
Personal name Roughton, Linda.
700 ## - ADDED ENTRY--PERSONAL NAME
Personal name Bloofield, Alan.
907 ## - LOCAL DATA ELEMENT G, LDG (RLIN)
a .b10271806
b 02-12-09
c 19-11-09
942 ## - ADDED ENTRY ELEMENTS (KOHA)
Koha item type Ordinary Loan Books
Call number prefix LB1025
Call number suffix SCO
Holdings
Date last seen Total Checkouts Full call number Barcode Cost, replacement price Price effective from Koha item type Lost status Source of classification or shelving scheme Damaged status Not for loan Collection Withdrawn status Home library Current library Shelving location Date acquired Cost, normal purchase price
01/23/2023 15 LB1025 SCO 92004010959 80.00 01/23/2023 BOOKS   LCC     NFIC   MAIN MAIN GEN 01/23/2023 80.00